[Event "Barbera op"]
[Site "Barbera del Valles"]
[Date "2013.07.11"]
[Round "8"]
[White "Lopez Martinez, JM."]
[Black "Bergez, L."]
[Result "1-0"]
[WhiteElo "2547"]
[BlackElo "2395"]
[PlyCount "79"]
[EventDate "2013.??.??"]
[EventType "swiss"]
[EventRounds "9"]

1. e4 c6 2. d4 d5 3. Nc3 dxe4 4. Nxe4 Nf6 5. Nxf6+ gxf6 6. c3 Bf5 7. Nf3 e6 8.
g3 Qd5 9. Bg2 Qc4 10. Nh4 Bd3 11. Qd2 a5 12. b3 Qa6 13. Bb2 Nd7 14. f4 h5 15.
c4 Bh7 16. f5 O-O-O 17. O-O exf5 18. Qf4 c5 19. Nxf5 Bxf5 20. Qxf5 h4 21. g4
Rg8 22. h3 Rg5 23. Qh7 Bg7 24. Rad1 f5 25. Rxf5 Rh8 26. Qxh8+ Bxh8 27. Rxg5 Kc7
28. Rf5 a4 29. Rxf7 Qe6 30. Rf2 cxd4 31. Bxd4 Bxd4 32. Rxd4 Qe1+ 33. Bf1 Qe3
34. Rd3 Qc5 35. b4 Qe7 36. c5 Ne5 37. Re3 Qg5 38. Re4 Ng6 39. b5 Qxc5 40. Rc4
1-0

[Event "Barbera op"]
[Site "Barbera del Valles"]
[Date "2013.07.11"]
[Round "8"]
[White "Martynov, P."]
[Black "Saptarshi, R."]
[Result "0-1"]
[WhiteElo "2321"]
[BlackElo "2447"]
[PlyCount "39"]
[EventDate "2013.??.??"]
[EventType "swiss"]
[EventRounds "9"]

1. d4 d5 2. c4 e5 3. dxe5 d4 4. Nf3 Nc6 5. a3 Bg4 6. Nbd2 Qe7 7. h3 Bxf3 8.
Nxf3 O-O-O 9. g3 Nxe5 10. Nxe5 Qxe5 11. Qd3 f5 12. Bg2 Nf6 13. Bf4 Qe6 14. Bg5
Be7 15. Bxf6 Bxf6 16. O-O h5 17. c5 Kb8 18. c6 h4 19. Qb5 Qc8 20. Rac1 0-1

[Event "Barbera op"]
[Site "Barbera del Valles"]
[Date "2013.07.11"]
[Round "8"]
[White "Narayanan, S."]
[Black "Pulvett, D."]
[Result "1-0"]
[WhiteElo "2475"]
[BlackElo "2405"]
[PlyCount "77"]
[EventDate "2013.??.??"]
[EventType "swiss"]
[EventRounds "9"]

1. e4 c5 2. Nf3 d6 3. d4 cxd4 4. Nxd4 Nf6 5. Nc3 a6 6. Be3 e6 7. f3 b5 8. Qd2
b4 9. Na4 Nbd7 10. O-O-O Qa5 11. b3 Bb7 12. a3 d5 13. e5 Ng8 14. f4 Nh6 15. Be2
Rc8 16. Kb1 Nf5 17. Nxf5 exf5 18. Bd3 g6 19. Bd4 Rg8 20. g4 Bc6 21. Nb2 Qxa3
22. Na4 Bxa4 23. Bb2 Qxb2+ 24. Kxb2 Bc6 25. gxf5 Bc5 26. Bxa6 Rb8 27. Qe2 Kd8
28. Rd2 Kc7 29. Ra1 gxf5 30. Qd1 Nb6 31. Ra5 Be3 32. Qe2 Bxf4 33. Rc5 Nd7 34.
Rdxd5 Nxc5 35. Rxc5 Rg6 36. Bc4 Rd8 37. Bxf7 Rd2 38. Qa6 Rh6 39. e6 1-0

[Event "Barbera op"]
[Site "Barbera del Valles"]
[Date "2013.07.11"]
[Round "8"]
[White "Perez Mitjans, O."]
[Black "Perez Mañas, B."]
[Result "1-0"]
[WhiteElo "2495"]
[BlackElo "2307"]
[PlyCount "79"]
[EventDate "2013.??.??"]
[EventType "swiss"]
[EventRounds "9"]

1. e4 c6 2. Nf3 d5 3. exd5 cxd5 4. Ne5 Nc6 5. d4 e6 6. Bb5 Bd7 7. Nxd7 Qxd7 8.
c3 g6 9. Nd2 Bg7 10. Nf3 Nge7 11. Bf4 a6 12. Bd3 Rc8 13. Qd2 h5 14. O-O O-O 15.
Rae1 Nf5 16. Kh1 Rfe8 17. Rg1 Nd6 18. Re2 Nc4 19. Qe1 b5 20. h3 b4 21. g4 hxg4
22. Rxg4 bxc3 23. bxc3 Ne7 24. Kh2 Nf5 25. Rg2 Bf6 26. Rg4 Kg7 27. Ne5 Nxe5 28.
dxe5 Bd8 29. Bxa6 Rc5 30. Bd3 Qc6 31. Bd2 Nh4 32. Rg3 Rh8 33. Qb1 Rh5 34. Qb4
Nf5 35. Rf3 Rh4 36. Qb1 Bc7 37. Bg5 d4 38. Rxf5 exf5 39. Bxh4 Rxc3 40. Kg1 1-0

[Event "Barbera op"]
[Site "Barbera del Valles"]
[Date "2013.07.11"]
[Round "8"]
[White "Perpinya Rofes, LM."]
[Black "Larsen, K."]
[Result "1-0"]
[WhiteElo "2400"]
[BlackElo "2270"]
[PlyCount "97"]
[EventDate "2013.??.??"]
[EventType "swiss"]
[EventRounds "9"]

1. e4 e5 2. Nf3 Nc6 3. Bb5 a6 4. Ba4 Nf6 5. Qe2 b5 6. Bb3 Bc5 7. c3 O-O 8. d3
h6 9. O-O d6 10. Rd1 Re8 11. h3 Bb6 12. Be3 Bxe3 13. Qxe3 Nh5 14. a4 Rb8 15.
axb5 axb5 16. d4 Qf6 17. Nbd2 Nf4 18. Kh2 g5 19. dxe5 Nxe5 20. Nxe5 Qxe5 21.
Kg1 Bb7 22. Re1 c5 23. Qg3 Qf6 24. h4 Qg6 25. hxg5 Nh5 26. Qf3 hxg5 27. Ra7 g4
28. Qe3 g3 29. Rf1 c4 30. Bd1 gxf2+ 31. Rxf2 Nf6 32. Rf3 Nxe4 33. Bc2 Ng5 34.
Rxb7 Nxf3+ 35. Qxf3 Qe6 36. Rxb8 Rxb8 37. Ne4 Kf8 38. Qg3 Rb6 39. Qg5 Rb8 40.
Qf4 Qe5 41. Qh6+ Ke7 42. Qh4+ Kd7 43. Qf2 Ke8 44. Nf6+ Ke7 45. Nd5+ Qxd5 46.
Qa7+ Rb7 47. Qe3+ Qe5 48. Be4 f5 49. Qg5+ 1-0

[Event "Barbera op"]
[Site "Barbera del Valles"]
[Date "2013.07.11"]
[Round "8"]
[White "Sachdev, T."]
[Black "Abhishek, K."]
[Result "1-0"]
[WhiteElo "2430"]
[BlackElo "2274"]
[PlyCount "67"]
[EventDate "2013.??.??"]
[EventType "swiss"]
[EventRounds "9"]

1. d4 Nf6 2. c4 g6 3. Nc3 Bg7 4. e4 d6 5. h3 O-O 6. Bg5 Nbd7 7. Bd3 c5 8. d5
Ne5 9. Nf3 Nxd3+ 10. Qxd3 Nd7 11. Nd2 a6 12. a4 h6 13. Be3 Qb6 14. Qc2 f5 15.
f4 Nf6 16. e5 dxe5 17. fxe5 Nh5 18. e6 Bxe6 19. dxe6 Ng3 20. Nd5 Qxe6 21. O-O-O
Nxh1 22. Rxh1 Qd6 23. Nb3 Rac8 24. a5 e6 25. Nb6 Rc6 26. Rd1 Qe5 27. Qf2 f4 28.
Bxc5 Rf7 29. Bd4 Qg5 30. Bxg7 f3+ 31. Qd2 Qxg2 32. Qxh6 Rxg7 33. Rd8+ Kf7 34.
Qf4+ 1-0

[Event "Barbera op"]
[Site "Barbera del Valles"]
[Date "2013.07.11"]
[Round "8"]
[White "Salazar, AC."]
[Black "Valdes Romero, L."]
[Result "0-1"]
[WhiteElo "2200"]
[BlackElo "2444"]
[PlyCount "94"]
[EventDate "2013.??.??"]
[EventType "swiss"]
[EventRounds "9"]

1. e4 d6 2. d4 Nf6 3. Nc3 g6 4. Be2 Bg7 5. Be3 Nc6 6. Nf3 O-O 7. O-O a6 8. h3
e5 9. dxe5 dxe5 10. Bg5 Be6 11. Qc1 Re8 12. Rd1 Qc8 13. Bh6 b5 14. a3 Qb7 15.
b4 Rad8 16. Rxd8 Rxd8 17. Bd3 Nh5 18. Nd5 Bxd5 19. exd5 Nd4 20. Nxd4 exd4 21.
Bxg7 Kxg7 22. c4 dxc3 23. Qxc3+ Nf6 24. Be4 Qb6 25. Bf3 Kg8 26. Rd1 Rd6 27. Re1
Rd8 28. Rd1 Qd6 29. Qe3 Nd7 30. Re1 Nb6 31. Qg5 Nc4 32. Rc1 Re8 33. g3 Re5 34.
Qh6 Qf6 35. Kg2 Rf5 36. Re1 Ne5 37. Bd1 Rxf2+ 38. Kg1 Ra2 39. Qe3 Nc4 40. Qe8+
Kg7 41. Rf1 Qd4+ 42. Kh1 Qxd5+ 43. Bf3 Qd2 44. Be2 Qd5+ 45. Bf3 Qd6 46. Qe6
Qxg3 47. Bg2 Qxg2# 0-1

[Event "Barbera op"]
[Site "Barbera del Valles"]
[Date "2013.07.11"]
[Round "8"]
[White "Satyapragyan, S."]
[Black "Laxman, RR."]
[Result "1/2-1/2"]
[WhiteElo "2464"]
[BlackElo "2401"]
[PlyCount "62"]
[EventDate "2013.??.??"]
[EventType "swiss"]
[EventRounds "9"]

1. e4 e5 2. Nf3 Nc6 3. Nc3 Nf6 4. d4 exd4 5. Nxd4 Bb4 6. Nxc6 bxc6 7. Bd3 d5 8.
exd5 cxd5 9. O-O O-O 10. h3 c6 11. Qf3 Re8 12. Bf4 Bxc3 13. bxc3 Ne4 14. Rfe1
Bf5 15. c4 Qf6 16. cxd5 cxd5 17. Bh2 g6 18. Bf4 Bxh3 19. c4 Nc5 20. Be2 Rxe2
21. Qxe2 Qxf4 22. gxh3 dxc4 23. Qe5 Qxe5 24. Rxe5 Rc8 25. Re7 Nd3 26. Rxa7 c3
27. Rd7 c2 28. Rxd3 c1=Q+ 29. Rxc1 Rxc1+ 30. Kg2 Rc2 31. a3 Kg7 1/2-1/2

[Event "Barbera op"]
[Site "Barbera del Valles"]
[Date "2013.07.11"]
[Round "8"]
[White "Sequera Paolini, J."]
[Black "Escobar Forero, A."]
[Result "0-1"]
[WhiteElo "2394"]
[BlackElo "2466"]
[PlyCount "80"]
[EventDate "2013.??.??"]
[EventType "swiss"]
[EventRounds "9"]

1. e4 c5 2. Nf3 Nc6 3. b3 Nf6 4. Nc3 d6 5. Bb2 Bg4 6. Bb5 Rc8 7. h3 Bd7 8. d4
cxd4 9. Nxd4 e6 10. O-O Be7 11. Re1 O-O 12. Bxc6 bxc6 13. e5 dxe5 14. Nf3 Nd5
15. Nxe5 Be8 16. Ne4 f6 17. Nd3 c5 18. c4 Nb4 19. Nxb4 cxb4 20. Qg4 Rc6 21.
Rad1 Qc8 22. Ng3 Bg6 23. h4 e5 24. Qf3 h6 25. h5 Bh7 26. Rd2 Ra6 27. Ba1 Rd8
28. Ree2 Rxd2 29. Rxd2 Qc6 30. Qe2 Qe6 31. Rd5 Rd6 32. Qd2 Kf8 33. f3 Rxd5 34.
cxd5 Qa6 35. f4 Bc5+ 36. Kh1 exf4 37. Qxf4 Bd6 38. Qe3 Qd3 39. Qc1 Qxg3 40.
Qc8+ Ke7 0-1

[Event "Barbera op"]
[Site "Barbera del Valles"]
[Date "2013.07.11"]
[Round "8"]
[White "Vassallo Barroche, M."]
[Black "Thakur, A."]
[Result "1/2-1/2"]
[WhiteElo "2434"]
[BlackElo "2234"]
[PlyCount "73"]
[EventDate "2013.??.??"]
[EventType "swiss"]
[EventRounds "9"]

1. Nf3 d5 2. c4 c6 3. e3 Nf6 4. Nc3 g6 5. d4 Bg7 6. Be2 O-O 7. O-O dxc4 8. Bxc4
Bg4 9. h3 Bxf3 10. Qxf3 Nbd7 11. Rd1 e5 12. d5 e4 13. Nxe4 Nxe4 14. Qxe4 Nb6
15. a4 Re8 16. Qd3 Qh4 17. Bb3 Rad8 18. e4 Qxe4 19. Qxe4 Rxe4 20. Bg5 Rd7 21.
dxc6 bxc6 22. Be3 Rb4 23. Rxd7 Nxd7 24. Rd1 Rxb3 25. Rxd7 Bxb2 26. Rxa7 Rb4 27.
Bh6 f5 28. a5 Bd4 29. Rd7 Rb1+ 30. Kh2 Bxf2 31. g4 Rb2 32. Kh1 Ra2 33. Rg7+ Kf8
34. Rxh7+ Ke8 35. Rh8+ Ke7 36. Rg8 Kf6 37. Rc8 1/2-1/2

[Event "Barbera op"]
[Site "Barbera del Valles"]
[Date "2013.07.11"]
[Round "8"]
[White "Yakushev, V."]
[Black "Van Riemsdijk, HC."]
[Result "0-1"]
[WhiteElo "2111"]
[BlackElo "2367"]
[PlyCount "58"]
[EventDate "2013.??.??"]
[EventType "swiss"]
[EventRounds "9"]

1. Nf3 d5 2. g3 g6 3. Bg2 Bg7 4. O-O e5 5. c4 dxc4 6. Qa4+ Nc6 7. Qxc4 Nge7 8.
d3 O-O 9. Nc3 Nd4 10. Nxd4 exd4 11. Ne4 Be6 12. Qb5 Bd5 13. Bf4 b6 14. b4 a5
15. Rfc1 c6 16. Qa4 axb4 17. Qxb4 c5 18. Qb2 Ra6 19. h4 Qa8 20. f3 Nf5 21. h5
Qc6 22. Qd2 Rfa8 23. g4 Ne3 24. h6 Rxa2 25. Rxa2 Rxa2 26. Qe1 Bxe4 27. hxg7
Nxg2 28. Kxg2 Bxf3+ 29. Kg3 Rxe2 0-1

[Event "Barbera op"]
[Site "Barbera del Valles"]
[Date "2013.07.12"]
[Round "9"]
[White "Aloma Vidal, R."]
[Black "Lopez Martinez, JM."]
[Result "0-1"]
[WhiteElo "2421"]
[BlackElo "2547"]
[PlyCount "144"]
[EventDate "2013.??.??"]
[EventType "swiss"]
[EventRounds "9"]

1. d4 e6 2. Nf3 c5 3. g3 cxd4 4. Nxd4 Nc6 5. Bg2 Qb6 6. Nb3 d5 7. O-O Nf6 8.
Be3 Qc7 9. Nc3 a6 10. Bg5 Be7 11. e4 dxe4 12. Nd2 O-O 13. Ncxe4 Nxe4 14. Nxe4
Rd8 15. Qe1 f6 16. Be3 Nb4 17. Bd2 Nc6 18. Be3 Nd4 19. Bxd4 Rxd4 20. Qe3 Rd8
21. Qb3 Bd7 22. Rfe1 Kh8 23. Nc3 Bc8 24. Re4 Rb8 25. Rae1 Bf8 26. Rc4 Bc5 27.
Ne4 Qa5 28. Qc3 Qxc3 29. bxc3 Ba7 30. Rb1 e5 31. Rc7 h6 32. c4 f5 33. Nc5 e4
34. g4 fxg4 35. Bxe4 Rd6 36. Nd3 Rd4 37. Re7 Bd7 38. c5 Kg8 39. c3 Rxe4 40.
Rxe4 Bf5 41. Rd4 Bxc5 42. Rd5 Bxd3 43. Rxd3 Rf8 44. Rb2 b6 45. Re2 Rf4 46. Rd7
Rf3 47. Rc2 h5 48. Rd5 h4 49. Rg5 g3 50. hxg3 hxg3 51. Kg2 gxf2 52. Rc1 Rf4 53.
Rd1 Kf7 54. Kf1 Kf6 55. Rg3 g5 56. Rd5 g4 57. Rgd3 Ra4 58. Rxc5 bxc5 59. Kxf2
Rxa2+ 60. Kg3 Ra4 61. Rd5 Rc4 62. Rd6+ Kf5 63. Rd5+ Ke4 64. Rd6 a5 65. Ra6 a4
66. Kxg4 Kd3+ 67. Kf3 Kxc3 68. Ke2 Kb2 69. Ra5 a3 70. Kd3 Rd4+ 71. Ke3 a2 72.
Rxc5 Rb4 0-1

[Event "Barbera op"]
[Site "Barbera del Valles"]
[Date "2013.07.12"]
[Round "9"]
[White "Escobar Forero, A."]
[Black "Perpinya Rofes, LM."]
[Result "1/2-1/2"]
[WhiteElo "2466"]
[BlackElo "2400"]
[PlyCount "106"]
[EventDate "2013.??.??"]
[EventType "swiss"]
[EventRounds "9"]

1. e4 c5 2. Nf3 Nc6 3. d4 cxd4 4. Nxd4 Nf6 5. Nc3 d6 6. Nb3 e6 7. Bd3 Be7 8.
O-O a6 9. f4 Qc7 10. Qf3 b5 11. Bd2 Bb7 12. Rae1 Rc8 13. Qg3 b4 14. Nd1 O-O 15.
Ne3 a5 16. c3 a4 17. Nc1 Qb6 18. Kh1 Ba6 19. c4 Qd4 20. Nd1 Bxc4 21. Be3 Nxe4
22. Qf3 Qxd3 23. Nxd3 Bxd3 24. Rg1 d5 25. Nf2 Bc4 26. Nxe4 dxe4 27. Qxe4 Bxa2
28. f5 Bd5 29. Qg4 Bf6 30. Bg5 Bxg5 31. Qxg5 exf5 32. Qxf5 Be6 33. Rxe6 fxe6
34. Qxe6+ Kh8 35. h3 Rfe8 36. Qd7 a3 37. bxa3 bxa3 38. Qd6 a2 39. Ra1 Red8 40.
Qf4 Ra8 41. Qc4 Ne5 42. Qe2 Nd7 43. Rxa2 Rxa2 44. Qxa2 Nf6 45. Qf7 h6 46. Qg6
Rf8 47. Kh2 Nh7 48. g4 Rf6 49. Qe8+ Rf8 50. Qe7 Kg8 51. h4 Rf2+ 52. Kg3 Rf8 53.
Qe6+ Kh8 1/2-1/2

[Event "Barbera op"]
[Site "Barbera del Valles"]
[Date "2013.07.12"]
[Round "9"]
[White "Grigoryan, KH."]
[Black "Aryan, Ch"]
[Result "1-0"]
[WhiteElo "2550"]
[BlackElo "2122"]
[PlyCount "61"]
[EventDate "2013.??.??"]
[EventType "swiss"]
[EventRounds "9"]

1. d4 d5 2. c4 c6 3. cxd5 cxd5 4. Nc3 Nc6 5. e4 Nf6 6. f3 dxe4 7. d5 Ne5 8. Bf4
Ng6 9. Be3 e5 10. fxe4 Bd6 11. Bb5+ Bd7 12. Qa4 a6 13. Bxd7+ Qxd7 14. Qxd7+
Nxd7 15. Nf3 Ke7 16. g3 Rhc8 17. Ke2 b5 18. Nd2 Bb4 19. Rhc1 Bxc3 20. Rxc3 Rxc3
21. bxc3 Kd6 22. a4 Rb8 23. axb5 axb5 24. Ra6+ Kc7 25. Nb3 Ngf8 26. Kd3 Kb7 27.
Ra7+ Kc8 28. Na5 b4 29. Nc6 bxc3 30. Nxb8 Kxb8 31. Kxc3 1-0

[Event "Barbera op"]
[Site "Barbera del Valles"]
[Date "2013.07.12"]
[Round "9"]
[White "Hayrapetyan, H."]
[Black "Sachdev, T."]
[Result "0-1"]
[WhiteElo "2486"]
[BlackElo "2430"]
[PlyCount "150"]
[EventDate "2013.??.??"]
[EventType "swiss"]
[EventRounds "9"]

1. d4 Nf6 2. Nf3 e6 3. c4 d5 4. Nc3 Be7 5. Bg5 O-O 6. e3 h6 7. Bh4 Ne4 8. Bg3
Nxg3 9. hxg3 c6 10. Bd3 dxc4 11. Bxc4 Nd7 12. Bb3 c5 13. d5 exd5 14. Nxd5 Nf6
15. O-O Nxd5 16. Bxd5 Bf6 17. e4 Bg4 18. Qc2 Qc7 19. Rac1 Rac8 20. Nh2 Bd7 21.
b3 b5 22. f4 c4 23. Kh1 c3 24. e5 Be7 25. Nf3 b4 26. f5 Bc6 27. Bxc6 Qxc6 28.
f6 Bc5 29. Rce1 Rfe8 30. Re4 Qd7 31. Rc4 gxf6 32. exf6 Bf8 33. Rh4 Qb5 34. Rf2
Rcd8 35. Kh2 Qd3 36. Rg4+ Kh7 37. Qc1 Rd5 38. Qf4 Qe3 39. Qc7 Qe6 40. Rh4 Rc5
41. Qf4 Qe3 42. Rc2 Qxf4 43. gxf4 Bd6 44. g3 Rd5 45. Kg2 Kg6 46. Ne5+ Bxe5 47.
fxe5 Rdxe5 48. Rg4+ Kxf6 49. Rf2+ Rf5 50. Rc2 a5 51. a3 Rb8 52. Rc4 Rb6 53.
axb4 axb4 54. Re2 h5 55. Ree4 Kg7 56. Rc7 Rff6 57. Rec4 Rf5 58. Re4 Rbb5 59.
Rec4 Kg6 60. R4c6+ f6 61. Rc8 Rb7 62. Rg8+ Kf7 63. Rh8 Re7 64. Rcc8 Re2+ 65.
Kh3 Rff2 66. Rcf8+ Ke6 67. Re8+ Kf5 68. Rxh5+ Kg6 69. Rxe2 Rxe2 70. Rh4 c2 71.
Rc4 Kf5 72. g4+ Ke5 73. Kh4 f5 74. Rc5+ Kd4 75. Rc4+ Kd3 0-1

[Event "Barbera op"]
[Site "Barbera del Valles"]
[Date "2013.07.12"]
[Round "9"]
[White "Lorenzo de la Riva, L."]
[Black "Perez Mitjans, O."]
[Result "0-1"]
[WhiteElo "2433"]
[BlackElo "2495"]
[PlyCount "124"]
[EventDate "2013.??.??"]
[EventType "swiss"]
[EventRounds "9"]

1. e4 e6 2. d4 d5 3. e5 c5 4. c3 Nc6 5. Nf3 Nh6 6. Bd3 Nf5 7. dxc5 Bxc5 8. O-O
Nh4 9. Nbd2 Bd7 10. Nxh4 Qxh4 11. Nf3 Qh5 12. Qe2 f6 13. Re1 Bb6 14. Be3 Bc7
15. Bd4 O-O-O 16. b4 Kb8 17. a4 f5 18. a5 Rc8 19. b5 Nxd4 20. cxd4 b6 21. Qb2
Qf7 22. Nd2 Qe7 23. Ra4 bxa5 24. Nb3 Bb6 25. Nxa5 Rc7 26. Nb3 Rhc8 27. Rb1 Rc3
28. Qd2 g5 29. Nc5 R8xc5 30. dxc5 Qxc5 31. Ra2 Qd4 32. Bf1 g4 33. Qg5 Bc8 34.
Rc1 Qxe5 35. Rxc3 Qxc3 36. Qg8 h5 37. Qh7 e5 38. Qxh5 e4 39. Qg6 Qc7 40. Qc6
Qxc6 41. bxc6 Kc7 42. Bb5 Be6 43. Kf1 d4 44. Ra4 f4 45. Ke1 Kd6 46. Ra3 Kc5 47.
Ba6 Kb4 48. Ra1 d3 49. Rb1+ Bb3 50. Kd2 Ba5 51. Bxd3 exd3 52. Kxd3 Bc7 53. h4
gxh3 54. gxh3 a5 55. h4 a4 56. h5 a3 57. h6 a2 58. Rc1 Bg8 59. Kd4 Kb3 60. Rg1
Bh7 61. Kd5 Bb1 62. h7 Bxh7 0-1

[Event "Barbera op"]
[Site "Barbera del Valles"]
[Date "2013.07.12"]
[Round "9"]
[White "Ortiz Suarez, IR."]
[Black "Flores Rios, M."]
[Result "1-0"]
[WhiteElo "2612"]
[BlackElo "2492"]
[PlyCount "74"]
[EventDate "2013.??.??"]
[EventType "swiss"]
[EventRounds "9"]

1. e4 e5 2. Nf3 Nc6 3. d4 exd4 4. Nxd4 Nf6 5. Nxc6 bxc6 6. Qe2 a5 7. e5 Nd5 8.
c4 Nb6 9. Nd2 Bb4 10. a3 Bxd2+ 11. Bxd2 O-O 12. O-O-O Re8 13. Qh5 Qe7 14. Bd3
g6 15. Qh6 Ba6 16. Bxa5 Bxc4 17. Bxb6 Bxd3 18. Rxd3 cxb6 19. f4 Rf8 20. Rhd1
Rad8 21. Rd6 Kh8 22. Kb1 Rfe8 23. Qh3 Kg7 24. Rxd7 Rxd7 25. Rxd7 Qe6 26. Qxe6
Rxe6 27. h4 Kf8 28. g4 f6 29. Rxh7 fxe5 30. fxe5 Rxe5 31. Rc7 Rc5 32. b3 g5 33.
h5 Rc3 34. Kb2 Rg3 35. Rxc6 Rxg4 36. Rxb6 Rh4 37. h6 g4 1-0

[Event "Barbera op"]
[Site "Barbera del Valles"]
[Date "2013.07.12"]
[Round "9"]
[White "Plukkel, S."]
[Black "Sequera Paolini, J."]
[Result "0-1"]
[WhiteElo "2314"]
[BlackElo "2394"]
[PlyCount "102"]
[EventDate "2013.??.??"]
[EventType "swiss"]
[EventRounds "9"]

1. e4 c5 2. Nf3 Nc6 3. d4 cxd4 4. Nxd4 Nf6 5. Nc3 e6 6. Ndb5 Bc5 7. Nd6+ Ke7 8.
Nxc8+ Rxc8 9. Bd3 d5 10. Bg5 Bb4 11. O-O Bxc3 12. bxc3 dxe4 13. Bxe4 Qxd1 14.
Rfxd1 Na5 15. Bf3 b6 16. Rd4 Rhd8 17. Rxd8 Rxd8 18. Rd1 Rxd1+ 19. Bxd1 h6 20.
Bc1 Nd5 21. Bf3 Nc4 22. Bxd5 exd5 23. Kf1 Kd6 24. Ke2 Kc5 25. f3 f6 26. h4 a5
27. Bf4 Ne5 28. Be3+ Kc4 29. Kd2 Nd7 30. Bf4 Ne5 31. Be3 b5 32. Bb6 a4 33. Bc7
h5 34. Bd6 g6 35. Be7 f5 36. Bd6 Nc6 37. Bf8 d4 38. cxd4 Nxd4 39. c3 Ne6 40.
Bd6 Nd8 41. Be5 Nb7 42. Bf6 Nc5 43. Be7 Nd7 44. Bd6 Nf6 45. Bc7 Nd5 46. Be5 f4
47. Bd6 Nxc3 48. a3 Nd5 49. Bf8 Ne3 50. g3 Nf1+ 51. Kc2 fxg3 0-1

[Event "Barbera op"]
[Site "Barbera del Valles"]
[Date "2013.07.12"]
[Round "9"]
[White "Prasca Sosa, R."]
[Black "Satyapragyan, S."]
[Result "1-0"]
[WhiteElo "2426"]
[BlackElo "2464"]
[PlyCount "163"]
[EventDate "2013.??.??"]
[EventType "swiss"]
[EventRounds "9"]

1. e4 e6 2. d4 d5 3. Nc3 Bb4 4. e5 c5 5. Bd2 Ne7 6. a3 Bxc3 7. bxc3 b6 8. Bb5+
Bd7 9. Bd3 c4 10. Be2 Ba4 11. Nh3 Nbc6 12. O-O h6 13. Nf4 Kd7 14. Ra2 Qg8 15.
Bg4 Qh7 16. Re1 Rad8 17. Rb2 Kc8 18. Nh5 Kb7 19. Re3 Ng6 20. Rg3 Rhg8 21. Qc1
Nge7 22. Qd1 Rdf8 23. Re3 Nf5 24. Re1 Nfe7 25. Be3 Re8 26. f4 Nf5 27. Bf2 Qg6
28. Bf3 Nfe7 29. Kh1 Qh7 30. g4 Rd8 31. Qe2 Rge8 32. Bh4 Qg8 33. Bg2 Qf8 34.
Ra2 Rd7 35. Qf2 Nc8 36. f5 b5 37. Rf1 Nb6 38. fxe6 Rxe6 39. Nf4 Qe8 40. Nxe6
fxe6 41. g5 h5 42. Qe2 Qg6 43. Bf3 Rf7 44. Kg2 Qh7 45. Rf2 g6 46. Kg1 Ne7 47.
Bg2 Nf5 48. Rf4 Nc8 49. Bh3 Nce7 50. Ra1 Qg8 51. Raf1 Qd8 52. Be1 Qb6 53. Kh1
Ka6 54. Bg3 Qd8 55. Bxf5 Nxf5 56. Rxf5 Rxf5 57. Rxf5 gxf5 58. Bf4 Qe8 59. Kg2
Qf8 60. g6 Bxc2 61. Qxc2 Qg7 62. h4 Qxg6+ 63. Bg5 Qe8 64. Qb1 f4 65. Kf3 Qf8
66. Bxf4 Qxa3 67. Qb4 Qa1 68. Qd6+ Ka5 69. Qc7+ Ka6 70. Qd6+ Ka5 71. Qb4+ Ka6
72. Ke2 Qh1 73. Bg5 Qh3 74. Kd2 Kb6 75. Kc2 a6 76. Kb2 Qg2+ 77. Ka3 Qc2 78.
Qd6+ Kb7 79. Qd7+ Ka8 80. Kb4 Qb3+ 81. Kc5 Qxc3 82. Kc6 1-0

[Event "Barbera op"]
[Site "Barbera del Valles"]
[Date "2013.07.12"]
[Round "9"]
[White "Pulvett, D."]
[Black "Laxman, RR."]
[Result "1/2-1/2"]
[WhiteElo "2405"]
[BlackElo "2401"]
[PlyCount "61"]
[EventDate "2013.??.??"]
[EventType "swiss"]
[EventRounds "9"]

1. d4 d5 2. c4 e6 3. Nc3 Bb4 4. Nf3 Nf6 5. Qa4+ Nc6 6. a3 Bxc3+ 7. bxc3 Ne4 8.
Qc2 O-O 9. e3 b6 10. Bd3 Ba6 11. O-O Na5 12. Bxe4 dxe4 13. Qxe4 Bxc4 14. Re1
Bd5 15. Qf4 Bxf3 16. Qxf3 c5 17. Rd1 cxd4 18. cxd4 Rc8 19. Bd2 Nc4 20. Bb4 Re8
21. d5 e5 22. d6 Qd7 23. Rac1 a5 24. Qe2 b5 25. Be1 Rc6 26. a4 Rxd6 27. Rxd6
Nxd6 28. axb5 Qxb5 29. Qxb5 Nxb5 30. Bxa5 Nd6 31. Kf1 1/2-1/2

[Event "Barbera op"]
[Site "Barbera del Valles"]
[Date "2013.07.12"]
[Round "9"]
[White "Raghavi, N."]
[Black "Fluvia Poyatos, Jordi"]
[Result "0-1"]
[WhiteElo "2097"]
[BlackElo "2445"]
[PlyCount "60"]
[EventDate "2013.??.??"]
[EventType "swiss"]
[EventRounds "9"]

1. e4 e6 2. d3 d5 3. Qe2 dxe4 4. dxe4 b6 5. Nf3 Ba6 6. c4 Nc6 7. e5 Nge7 8. a3
Nf5 9. b4 Bb7 10. Bb2 a5 11. b5 Ncd4 12. Nxd4 Nxd4 13. Qd3 Bc5 14. h4 Nf5 15.
Qxd8+ Rxd8 16. Rh3 Bd4 17. Bc3 h5 18. g3 Ke7 19. Be2 g6 20. a4 Be4 21. Bxd4
Nxd4 22. Na3 Nxe2 23. Kxe2 Rd3 24. Nc2 Rhd8 25. Ne3 Rd2+ 26. Ke1 Bf3 27. g4
hxg4 28. Rg3 R8d4 29. c5 bxc5 30. Rc1 c4 0-1

[Event "Barbera op"]
[Site "Barbera del Valles"]
[Date "2013.07.12"]
[Round "9"]
[White "Rios, CC."]
[Black "Asis Gargatagli, H."]
[Result "1-0"]
[WhiteElo "2360"]
[BlackElo "2487"]
[PlyCount "53"]
[EventDate "2013.??.??"]
[EventType "swiss"]
[EventRounds "9"]

1. d4 Nf6 2. c4 e6 3. Nf3 c5 4. d5 d6 5. Nc3 exd5 6. cxd5 g6 7. Bg5 h6 8. Bh4
g5 9. Bg3 Nh5 10. e3 Nxg3 11. hxg3 Bg7 12. Qa4+ Nd7 13. Bd3 a6 14. Rb1 Rb8 15.
Nd2 b5 16. Qc2 Qe7 17. Bf5 Ne5 18. Bxc8 Rxc8 19. Qf5 Qd7 20. Nce4 Ke7 21. g4
Qxf5 22. gxf5 Nd7 23. Ke2 Nb6 24. Nf3 Nxd5 25. Rhd1 Nf6 26. Nxd6 Rc6 27. Nxf7
1-0

[Event "Barbera op"]
[Site "Barbera del Valles"]
[Date "2013.07.12"]
[Round "9"]
[White "Rishi, S."]
[Black "Vassallo Barroche, M."]
[Result "1/2-1/2"]
[WhiteElo "2316"]
[BlackElo "2434"]
[PlyCount "70"]
[EventDate "2013.??.??"]
[EventType "swiss"]
[EventRounds "9"]

1. e4 c5 2. Nf3 g6 3. d4 Bg7 4. c4 Qa5+ 5. Bd2 Qb6 6. Bc3 cxd4 7. Bxd4 Bxd4 8.
Qxd4 Qxd4 9. Nxd4 Nc6 10. Nb5 Kf8 11. N1c3 d6 12. O-O-O Nf6 13. f3 Kg7 14. b3
Bd7 15. Be2 Rhc8 16. Kb2 a6 17. Nd4 Nxd4 18. Rxd4 a5 19. f4 Bc6 20. Re1 Rc7 21.
Nd5 Bxd5 22. exd5 Nd7 23. Re4 Nc5 24. Re3 Rb8 25. Bf1 Kf8 26. h4 h6 27. Be2 h5
28. Bf1 f5 29. a4 Kf7 30. Bd3 Re8 31. Be2 e5 32. dxe6+ Rxe6 33. Rxe6 Nxe6 34.
Bd3 Nc5 35. Bf1 Kf6 1/2-1/2

[Event "Barbera op"]
[Site "Barbera del Valles"]
[Date "2013.07.12"]
[Round "9"]
[White "Sanchez Guirado, F."]
[Black "Abhishek, K."]
[Result "0-1"]
[WhiteElo "2339"]
[BlackElo "2274"]
[PlyCount "92"]
[EventDate "2013.??.??"]
[EventType "swiss"]
[EventRounds "9"]

1. d4 Nf6 2. g3 g6 3. Bg2 Bg7 4. e4 d6 5. Ne2 O-O 6. h3 Nbd7 7. O-O e5 8. Nbc3
c6 9. a4 a5 10. Be3 exd4 11. Bxd4 Re8 12. Re1 Qc7 13. Qd2 Ne5 14. b3 Be6 15.
Rad1 Rad8 16. g4 d5 17. f4 Nxe4 18. Nxe4 Nf3+ 19. Bxf3 dxe4 20. Bg2 c5 21. Qc3
Rxd4 22. Nxd4 Qb6 23. Rxe4 cxd4 24. Qd3 Rc8 25. Kh1 Rc3 26. Qe2 Qc7 27. Rd2 h6
28. Rxe6 fxe6 29. Qxe6+ Kh7 30. f5 gxf5 31. Qxf5+ Kh8 32. Re2 Re3 33. Rxe3 dxe3
34. Be4 Kg8 35. Qe6+ Kf8 36. Bd5 Qf4 37. Qg8+ Ke7 38. Qxg7+ Kd6 39. Bg2 e2 40.
Qg6+ Kc5 41. Qe8 Qc1+ 42. Kh2 e1=Q 43. Qf8+ Kd4 44. Qd8+ Kc3 45. Qf6+ Kxc2 46.
Qd4 Qce3 0-1

[Event "Barbera op"]
[Site "Barbera del Valles"]
[Date "2013.07.12"]
[Round "9"]
[White "Saptarshi, R."]
[Black "Narayanan, S."]
[Result "0-1"]
[WhiteElo "2447"]
[BlackElo "2475"]
[PlyCount "68"]
[EventDate "2013.??.??"]
[EventType "swiss"]
[EventRounds "9"]

1. e4 c5 2. Nf3 d6 3. d4 Nf6 4. Nc3 cxd4 5. Nxd4 a6 6. Qf3 g6 7. h3 Bg7 8. Be3
Nc6 9. O-O-O Bd7 10. Nd5 O-O 11. Kb1 Rc8 12. g4 Ne5 13. Nxf6+ Bxf6 14. Qg3 Nc4
15. Bxc4 Rxc4 16. g5 Bg7 17. h4 Qc7 18. h5 Rc8 19. c3 e5 20. Nc2 Rxe4 21. hxg6
hxg6 22. Nb4 Rg4 23. Qh2 Rxb4 24. cxb4 Qc2+ 25. Ka1 e4 26. Bc1 Be6 27. Qxd6 Qc4
28. Qd8+ Bf8 29. Qxf8+ Kxf8 30. b3 Qb5 31. Bf4 Bg4 32. Rd4 Qf5 33. Bd6+ Kg8 34.
Be7 Qf3 0-1